000 00820nas a2200265 4500
001 BR9700903
003 BR-BrBNA
005 20231205100035.0
007 ta
008 230509b bl.|||p| |||| 00| 00por d
040 _aBR-BrBNA
_bpor
_cBiblioteca Nacional de Agricultura
041 _a(Pt)
072 _aM12
100 1 _aLopes, R.N.M.
100 1 _aSenhorini, J.A.
100 1 _aSoares, M.C.F.
245 1 _aCrescimento e sobrevivencia de larvas de matrinxa Brycon cephalus Gunther, 1869, (Pisces, characidae)sob diferentes dietas alimentares
650 _aMatrinxa
650 _aAlevino
650 _aRacao
650 _aCrescimento
773 0 _tBoletim Tecnico do CEPTA (Brazil)
_xISSN 0103-1112
_g(1994), v. 7 p. 41-48
_wBR9700903
909 _a202311
_bLúcia
_c55
_dLúcia Elande
942 _2AGRIS
_n0
_cANA
999 _c154070
_d154070